|
|
|
|
| LEADER |
00000cam a2200000 i 4500 |
| 001 |
1/103151 |
| 008 |
950512s1989 gr | ||| |||| ||gre|| |
| 020 |
|
|
|a 9602100508
|
| 035 |
|
|
|l 10012781
|
| 040 |
|
|
|a GR-MyUa
|b gre
|e AACR2
|
| 041 |
0 |
|
|a gre
|
| 082 |
7 |
|
|a 320.5409495
|2 (22)
|
| 100 |
1 |
|
|a Τζιόβας, Δημήτρης.
|
| 245 |
1 |
3 |
|a Οι μεταμορφώσεις του εθνισμού και το ιδεολόγημα της ελληνικότητας στο μεσοπόλεμο /
|c Δημήτρης Τζιόβας.
|
| 260 |
|
|
|a Αθήνα :
|b Οδυσσέας,
|c 1989.
|
| 300 |
|
|
|a 180 σ. ;
|c 20 εκ.
|
| 504 |
|
|
|a Περιλαμβάνει βιβλιογραφικές παραπομπές και ευρετήριο.
|
| 650 |
|
0 |
|a Nationalism
|z Greece.
|
| 651 |
|
0 |
|a Greece
|x History
|y 20th century.
|
| 852 |
|
|
|a INST
|b CHIOS
|e 19960523
|h 320.5409495 TZI
|p 005200008206
|q 005200008206
|t BK
|y 0
|
| 852 |
|
|
|a INST
|b LESVOS
|e 19950512
|h 320.5409495 ΤΖΙ
|p 005100000922
|q 005100000922
|t BK
|y 4
|x 20211027
|
| 922 |
|
|
|a 1ΔΩΡ
|c ΤΚΑ
|